000 02764nab a2200241 i 4500
003 BR-BrBNA
005 20250523115740.0
008 250523b2017 bl.qr|pooa||| 00| 0 por |
040 _aBR-BrBNA
_bpor
072 _aF70
100 _aSouza, Wenia de Oliveira
100 _aAlves-Araújo, Anderson
245 _aFlora do Espírito Santo: Micropholis (Sapotaceae-Chrysophylloideae)
500 _aPublicação on-line; 23 ref.; 1 table; 5 illus.; Summaries (En, Pt)
520 _a Resumo Neste trabalho são apresentados dados morfológicos, informações sobre distribuição geográfica e estado de conservação para as espécies do gênero Micropholis (Sapotaceae) nativas do Espírito Santo. Um total de cinco espécies de Micropholis foi encontrado: M. compta, M. crassipedicellata, M. gardneriana, M. guyanensis subsp. guyanensis e M. venulosa. Este número representa 100% das espécies ocorrentes na Mata Atlântica. Os caracteres mais importantes para a distinção das espécies são: nervura central sulcada ou não na face adaxial, nervuras secundárias espaçadas ou congestas entre si distinguíveis ou indistinguíveis das terciárias, indumento dos ramos jovens e forma da folha. Micropholis gardneriana constitui um novo registro para o Espírito Santo e Micropholis compta foi categorizada como Quase Ameaçada (NT). Palavras-chave: Ericales, Mata Atlântica, neotrópicos, taxonomia. Abstract Herein, we provide information about morphological data, geographic distribution and conservation status for native species of Micropholis from Espírito Santo state (ES), Brazil. A total of five species were found: M. compta, M. crassipedicellata, M. gardneriana, M. guyanensis subsp. guyanensis, and M. venulosa. They represent 100% of the known species of Micropholis from the Brazilian Atlantic rainforest. The most important characters for distinguishing the species are: type and color of indument on the young branches, leaf shape, midrib sunken or not on the upper leaf surface, distinguishable secondary veins from the tertiary ones. Micropholis gardneriana constitutes a new record for the Espírito Santo state. Amongst Micropholis species from ES, only Micropholis compta is considered as Near Threatened (NT). Key words: Ericales, Atlantic rainforest, neotropics, taxonomy.
650 _aMATA ATLÂNTICA
650 _aTAXONOMIA
650 _aSAPOTACEAE
773 0 _0709
_9350577
_dRio de Janeiro-RJ Jardim Botanico do Rio de Janeiro 1935
_o2025-3195
_tRodriguésia (Brazil)
_x0370-6583; 2175-7860 on-line
_gv. 68(5) p. 1871-1882; (2017)
_wBR2025001246
856 _uhttps://www.scielo.br/j/rod/a/cL9PJDgZySrPRYMVzZxsQ3f/?format=pdf&lang=pt
942 _cANA
999 _c331684
_d331684